| 000 | 00880nam a2200277 a 4500 | ||
|---|---|---|---|
| 001 | BRCA_3923 | ||
| 005 | 20190320204458.0 | ||
| 008 | 100110s1936----mx-a######---#000-0#spa-# | ||
| 041 | _aspa | ||
| 044 | _amx | ||
| 050 | 4 |
_aNA5257.M4 _b.C47 1 1936 |
|
| 100 | 1 |
_aCervantes, Enrique A. _9383 |
|
| 245 | 1 | 0 |
_aCatedral Metropolitana _bsillería del coro _cEnrique A. Cervantes. |
| 260 |
_aMéxico _bE. A. Cervantes _c1936 |
||
| 300 |
_axxxix hojas sueltas _bil. _c29 cm. |
||
| 500 | _aEjemplar numerado 577 de 1,100 | ||
| 500 | _aHojas inventariadas por Banco de México como libro | ||
| 500 | _aEjemplar igual a D86, X41 e Y177 | ||
| 500 | _aC73 | ||
| 610 | 2 | 4 |
_aCatedral Metropolitana (Ciudad de México) _910206 |
| 650 | 1 | 4 |
_aArquitectura colonial _97560 |
| 650 | 1 | 4 |
_aArquitectura barroca _910207 |
| 650 | 1 | 4 |
_aSillerías del coro _910208 |
| 902 | _aGFM | ||
| 942 |
_2lcc _cB |
||
| 999 |
_c3650 _d3650 |
||